000 00692 a2200205 4500
010 _aENG-85385
020 _a8173200580
_c1100.00
035 _aENG-68918
037 _bD.B.Act / Pub
082 1 4 _a702.88
090 _c2206
_d2206
100 1 _aBisht, A. S.
245 1 _aScientific aspects of heritage study
_cby A. S. Bisht
260 _aDelhi
_bAgam Kala Prakashan
_c2003
270 _a34, Central Market, Ashok Vihar
_bDelhi
_e110 052
_k011-27232395, 011-27401485
_l91-011-27401485
300 _a181 p.
_bplates
_c24cm. (Hb)
500 _aIncludes index
942 _adpl
_cEN
_k702.88 / BIS
999 _c2166
_d2166